|
|
|
|
| LEADER |
01416pam a22003498a 4500 |
| 001 |
00026668 |
| 005 |
20171026081023.0 |
| 008 |
110816s1999 ||||||viesd |
| 020 |
|
|
|c 18500
|
| 041 |
0 |
# |
|a vie
|
| 082 |
1 |
4 |
|a 170
|b B452D
|
| 100 |
0 |
# |
|a Vũ Hồng Tiến
|e Chủ biên
|
| 245 |
0 |
0 |
|a Bồi dưỡng nội dung và phương pháp giảng dạy giáo dục công dân 12
|c Vũ Hồng Tiến; Nguyễn Đức Chiến, Nguyễn Văn Cư
|
| 260 |
# |
# |
|a H.
|b ĐH Quốc Gia
|c 1999
|
| 300 |
# |
# |
|a 263 tr.
|c 24 cm.
|
| 650 |
# |
4 |
|a Lớp 12
|
| 650 |
# |
4 |
|a Giáo dục công dân
|
| 650 |
# |
4 |
|a Sách giáo khoa
|
| 650 |
# |
4 |
|a Đạo đức
|
| 653 |
# |
# |
|a Sách bồi dưỡng
|
| 700 |
1 |
# |
|a Nguyễn Văn Cư
|
| 700 |
1 |
# |
|a Nguyễn Đức Chiến
|
| 852 |
# |
# |
|b Kho giáo trình
|j KGT.0029641, KGT.0029642, KGT.0029643, KGT.0029644, KGT.0031758, KGT.0031759, KGT.0031760, KGT.0031761, KGT.0031762, KGT.0031763, KGT.0031764, KGT.0031765
|
| 852 |
# |
# |
|b Kho mượn
|j KGT.0031758, KGT.0052614
|
| 852 |
# |
# |
|b Kho đọc
|j KD.0010994, KD.0011427
|
| 852 |
# |
# |
|j KGT.0031760
|j KGT.0031762
|j KGT.0031764
|j KGT.0031765
|j KGT.0052614
|j KGT.0031758
|j KGT.0031759
|j KD.0010994
|j KGT.0031761
|j KGT.0031763
|
| 910 |
|
|
|d 16/08/2011
|
| 980 |
# |
# |
|a Trung tâm Học liệu Lê Vũ Hùng, Trường Đại học Đồng Tháp
|